Statistiken für Eidgenössisches Schwing- und Älplerfest 2019

Klicken Sie hier um das Quiz zu spielen!

Allgemein

  • Dieses Quiz wurde 28 mal gespielt
  • Das Durchschnittsergebnis liegt bei 20 aus 44

Antwortstatistiken

HintAntwort% Korrekt
4NOSVGiger Samuel
100%
1aBEStucki Christian
100%
1bISVWicki Joel
100%
3aNOSVOrlik Armon
93%
9iBEOrlik Curdin
93%
8bBEWenger Kilian
73%
9eNOSVSchneider Domenic
67%
10eBEGnägi Florian
60%
8aNWSVRäbmatter Patrick
60%
3bISVReichmuth Pirmin
60%
10aISVSchuler Alex
60%
9jISVSchuler Christian
60%
7bISVSchurtenberger Sven
60%
11dBESempach Thomas
60%
5bBEAeschbacher Matthias
53%
6bISVBieri Marcel
53%
6aNOSVBösch Daniel
53%
9fSWSVGapany Benjamin
53%
2ISVMathis Marcel
53%
6dNOSVRychen Roger
53%
9aSWSVKramer Lario
47%
11cNWSVStrebel Joel
47%
7aBEStudenmann Fabian
47%
11fISVImhof Andi
40%
11bNOSVRoth Martin
40%
9dISVVon Ah Benji
40%
9cBEAnderegg Simon
33%
6cNWSVDöbeli Andreas
33%
11kBEGraber Willy
33%
9bBEInniger Thomas
33%
10cISVMüllestein Mike
33%
5aBEVon Weissenfluh Kilian
33%
8dSWSVDuplan Steve
27%
10dBEGerber Christian
27%
11jISVGwerder Michael
27%
11eNOSVLeuppi Samir
20%
11gISVScheuber Lutz
20%
9hBEWiget Michael
20%
9gBEZenger Niklaus
13%
11iNOSVHersche Martin
7%
10bISVZimmermann Martin
7%
11aNOSVKuster Marcel
0%
11hNOSVOertig Dominik
0%
8cBESchenk Patrick
0%

Verteilung der Resultate

Perzentil nach korrekt beantworteten Fragen

Anzahl Personen mit jedem Resultat

Ihre Resultats-Entwicklung

Sie haben dieses Quiz noch nicht gespielt